Entry Personal Name
Number of records used in: 4
001 - CONTROL NUMBER
003 - CONTROL NUMBER IDENTIFIER
005 - DATE AND TIME OF LATEST TRANSACTION
- control field:
20230125112641.0
008 - FIXED-LENGTH DATA ELEMENTS
- fixed length control field:
230125|| aca||aabn | a|a d
040 ## - CATALOGING SOURCE
- Original cataloging agency:
OSt
- Transcribing agency:
OSt
100 ## - HEADING--PERSONAL NAME
- Personal name:
SINGH ,HARKISHAN
670 ## - SOURCE DATA FOUND
- Source citation:
Work cat.: (OSt)8203: SINGH ,HARKISHAN , HISTORY OF PHARMACY IN INDIA AND RELATED ASPECTS PHARMACOPOEIAS AND FORMULARIES -VOL-1, 2009